000 01612cam a2200337 a 4500
001 4352
003 FISKH
005 20240731161802.0
008 040223s2003 nyua 000 0 eng d
010 _a 2004269560
020 _a0439521386 (pbk.)
020 _a078073005994
035 _a(OCoLC)ocm53177992
040 _aOCO
_cOCO
_dDLC
_beng
050 _aPZ7
082 _a570
100 1 _aMarkas, Jenny
245 1 0 _aLooney tunes, back in action joke book /
_cby Jenny Markas
260 _aNew York :
_bScholastic,
_c2003.
300 _a44 pages :
_bcolor illustrations ;
_c26 cm
500 _a"Over 200 jokes based on the hit movie!"--Cover.
505 _aP
520 _aWhat's up, doc? How about the "looniest" spy adventure in Hollywood history! Bugs, Daffy, Tweety, and their buds star with Brendan Fraser and Jenna Elfman in Warner Bros's sure-fire hit for holiday 03 Bugs Bunny and Daffy Duck are teaming up with old friends and new on a wacky mission to find the mystical Blue Diamond and keep it from falling into the evil clutches of the ACME Corporation. With ACME henchmen like Yosemite Sam, Marvin The Martian, and the Tasmanian Devil on their tail(s), count on chills, spills, and side-splitting thrills for the whole family! The junior novelization is an early chapter book and includes 8 pages of color photos from the movie.
521 8 _a650
_bLexile estimate
521 8 _aP
_bRaz-Plus
650 0 _aWit and humor, Juvenile.
650 0 _aRiddles, Juvenile.
906 _a7
_bcbc
_ccopycat
_d2
_encip
_f20
_gy-gencatlg
942 _2ddc
_cBK
_n0
999 _c4352
_d4352